| 000 | 00565nam a2200193Ia 4500 | ||
|---|---|---|---|
| 999 |
_c21484 _d21484 |
||
| 003 | OSt | ||
| 005 | 20200624124834.0 | ||
| 008 | 190216s9999||||xx |||||||||||||| ||und|| | ||
| 020 | _a9780198060635 | ||
| 040 | _coclc | ||
| 082 |
_a954 _bSIN/I |
||
| 100 |
_aSingh, Balmiki Prasad _92750 |
||
| 245 | 0 |
_aIndia`s Culture The State,The Arts and Beyond / _cBalmiki Prasad Singh |
|
| 250 | _a2nd Ed. | ||
| 260 |
_bOxford University Press, _c2011. _aNew Delhi: |
||
| 300 | _a263p | ||
| 650 | _aHistory | ||
| 942 |
_cBK _2ddc _h954 _iSIN/I _k954 _mSIN/I |
||